Jste závislí na práci? Hrozí vám vyhoření

Psychologička v rozhovore rieši syndróm vyhorenia na príklade manažerov.

Saved in:
Bibliographic Details
Main Author: Kazdová, Alena
Format: Book Chapter
Language:Czech
Subjects:
Tags: Add Tag
No Tags, Be the first to tag this record!

MARC

LEADER 00000naa a2200000 4500
001 0242340
005 20180425130302.9
041 0 |a cze 
044 |a CZ 
245 1 0 |a Jste závislí na práci? Hrozí vám vyhoření  |c Alena Kazdová 
520 |a Psychologička v rozhovore rieši syndróm vyhorenia na príklade manažerov. 
610 2 0 |a syndróm vyhorenia 
610 2 0 |a psychológia práce 
610 2 0 |a manažment 
610 2 0 |a hygiena duševná 
610 2 0 |a problémy spoločenské 
610 2 0 |a zamestnávatelia 
610 2 0 |a zamestnanci 
100 1 |a Kazdová, Alena